[Event "TUR-chT 1st League"]
[Site "Konya"]
[Date "2018.07.17"]
[Round "2.2"]
[White "Karaokcu, Erkin"]
[Black "Ozgur, Tibet Kagan"]
[Result "1-0"]
[WhiteElo "2257"]
[BlackElo "2014"]
[PlyCount "119"]
[EventDate "2018.07.16"]
[EventType "team-swiss"]
[EventRounds "9"]
[EventCountry "TUR"]
[SourceTitle "EXT 2019"]
[Source "ChessBase"]
[SourceDate "2018.10.10"]
[SourceVersion "1"]
[SourceVersionDate "2018.10.10"]
[SourceQuality "1"]
[WhiteTeam "Ordu Buyuksehir Belediye"]
[BlackTeam "Istanbul Teknik Uni"]
[WhiteTeamCountry "TUR"]
[BlackTeamCountry "TUR"]

1. c4 c5 2. Nf3 Nc6 3. Nc3 g6 4. e3 Nf6 5. d4 Bg7 6. d5 Nb8 7. e4 d6 8. h3 0-0 9. Bd3 e5 10. g4 a6 11. Qe2 Nbd7 12. Bd2 Ne8 13. Rg1 h6 14. h4 Nc7 15. a4 b6 16. Ra3 Re8 17. Be3 Rb8 18. Qd2 Kh7 19. Be2 Rh8 20. Rb3 Kg8 21. h5 g5 22. Nh2 Kh7 23. a5 bxa5 24. Rxb8 Nxb8 25. f3 Na8 26. Kf2 Bd7 27. Ra1 Qb6 28. Nf1 Rc8 29. Ng3 f6 30. Nf5 Bf8 31. Ra3 Rc7 32. Bd1 Rb7 33. Rb3 Qc7 34. Rxb7 Qxb7 35. b3 Qb4 36. Na2 Qb6 37. Qc3 Bxf5 38. exf5 Be7 39. Qd2 Kg7 40. Nc3 Nd7 41. Qe1 Qb4 42. Bd2 Qa3 43. f4 gxf4 44. Bxf4 Qb2+ 45. Bd2 e4 46. Qe3 Kf7 47. Qxh6 Ne5 48. Nxe4 Qd4+ 49. Qe3 Qa1 50. Ke1 Nxg4 51. Nxd6+ Kf8 52. Qe6 Qe5+ 53. Qxe5 Nxe5 54. Ne4 a4 55. bxa4 Nxc4 56. Bh6+ Kf7 57. Bb3 Nab6 58. d6 Bf8 59. a5 Bxh6 60. axb6 1-0

[Event "TUR Cup										"]
[Site "Antalya"]
[Date "2018.02.01"]
[Round "9"]
[White "Karaokcu, Erkin"]
[Black "Camci, Ali Ammar"]
[Result "1-0"]
[WhiteElo "2215"]
[BlackElo "2041"]
[PlyCount "81"]
[EventDate "2018.01.27"]
[EventType "swiss"]
[EventRounds "11"]
[EventCountry "TUR"]
[SourceTitle "CBM 182 Extra"]
[Source "ChessBase"]
[SourceDate "2018.02.23"]
[SourceVersion "1"]
[SourceVersionDate "2018.02.23"]
[SourceQuality "1"]

1. Nf3 f5 2. g3 Nf6 3. Bg2 g6 4. 0-0 Bg7 5. d4 0-0 6. b4 c6 7. c4 Na6 8. Qb3 Nc7 9. Nc3 Kh8 10. b5 d6 11. a4 Qe8 12. Ba3 Ne4 13. e3 Nxc3 14. Qxc3 Bd7 15. Rab1 b6 16. bxc6 Bxc6 17. a5 Be4 18. axb6 Bxb1 19. b7 Be4 20. bxa8Q Qxa8 21. Qa5 Ne6 22. d5 Nd8 23. Qc7 Qb7 24. Qxb7 Nxb7 25. Nd4 Bd3 26. Rc1 Rc8 27. Nc6 Bf6 28. Bf1 Be4 29. Be2 e6 30. f3 exd5 31. Nd4 Nc5 32. fxe4 dxe4 33. Nb5 Nb3 34. Rd1 a5 35. Rxd6 Be5 36. Rd5 Bf6 37. c5 Be7 38. Bb2+ Kg8 39. Bc4 Kf8 40. Bxb3 Bxc5 41. Rxc5 1-0